Language Quiz

Random Language or French Quiz
Score 0/60 Timer 09:00
3 Plays Today
% Correct
Beta
94.8%
Verb
93.6%
Noun
93.5%
Adverb ...
88%
English
86.8%
For
82.8%
Russian
82.7%
Spanish
82.1%
Venezuela
80.9%
Have ...
80.5%
Zeta
80.1%
Mandarin Chinese
77.5%
Chinese
76.8%
Kappa
76.4%
Times
75.8%
You
74.8%
Dominican Republic
74.7%
Arabic
73.3%
Finnish
71.7%
Mites
71.2%
Japanese ...
71.1%
Costa Rica
68%
Smite
67.4%
Rho
64.7%
Not
64.5%
Items
63.2%
Sigma
63.2%
Emits
63%
Charlie
61.3%
Mexico
59.5%
% Correct
Central African Republic
58.4%
Conjunction
57.8%
Republic of the Congo
57.2%
Côte d'Ivoire
57%
Equatorial Guinea
56.4%
Urdu
55.9%
Burkina Faso
55.5%
Drei
55.5%
Foxtrot
53.5%
Estonian ...
51.5%
Vietnamese
48.7%
Interjection
47.3%
Eins
46.6%
Hungarian
46.3%
Fünf
45.6%
Acht
41.9%
Lima
41.2%
India
40.7%
Neun
38.4%
Luxembourg
36.5%
Bengali
34.6%
Kilo
34%
Duo
31.2%
Tres
29.8%
With
22.4%
Unus
19%
Sex ...
17.5%
Quattuor ...
8.8%
Mari ...
8%
Komi
5.8%
Come Together.
Have Fun.
All Virtual.
We all need to come together. Play Sporcle's virtual live trivia to have fun, connect with people, and get your trivia on. Join a live hosted trivia game for your favorite pub trivia experience done virtually. If a virtual private party is more your thing, go here for details.

You're not logged in!

Compare scores with friends on all Sporcle quizzes.
OR
Log In

Sporcle TV

Today on Sporcle TV


Watch our educational content, quiz creation guides, and fun videos on Sporcle TV.

Show Comments

Extras

Top Quizzes Today


Score Distribution

Paid Content

Your Account Isn't Verified!

In order to create a playlist on Sporcle, you need to verify the email address you used during registration. Go to your Sporcle Settings to finish the process.

Report this User

Report this user for behavior that violates our Community Guidelines.

Details: